000 00371nam a22001337a 4500
020 _a0-07-010117-5
082 _a658.456 CAR'E
100 _aCARNESS, WILLIAM T
_976145
245 _aEFFECTIVE MEETINGS FOR BUSY PEOPLE LETS DECIDE IT AND GO HOME
260 _aNEWYORK
_bMCGRAW HILL
_c1980
300 _a348P
650 _aMEETINGS CORPORATE MEETINGS
_976146
942 _cBK
999 _c581561
_d581561